书目信息 |
| 题名: |
生物伦理学
|
|
| 作者: | 高崇明 张爱琴 | |
| 分册: | ||
| 出版信息: | 北京 北京大学出版社 1999 |
|
| 页数: | 307 | |
| 开本: | 20cm | |
| 丛书名: | ||
| 单 册: | ||
| 中图分类: | B82-057 | |
| 科图分类: | ||
| 主题词: | 伦理学 | |
| 电子资源: | ||
| ISBN: | 7-301-04026-1 | |
| 000 | 00534nam0 2200181 450 | |
| 001 | 0741144344 | |
| 005 | 20070817112544.34 | |
| 010 | @a7-301-04026-1@d¥15.50 | |
| 100 | @a20070817d km y0chiy0120 ea | |
| 101 | 0 | @achi |
| 200 | 1 | @a生物伦理学@Asheng wu lun li xue@f高崇明 张爱琴@Fgao chong ming zhang ai qin |
| 210 | @a北京@c北京大学出版社@d1999 | |
| 215 | @a307@d20cm | |
| 606 | 0 | @a伦理学 |
| 690 | @aB82-057@v3 | |
| 701 | 0 | @a高崇明 张爱琴@Agao chong ming zhang ai qin |
| 801 | 0 | @aCN@bPFT@c20070817 |
| 905 | @a213230@dB82-057@en1@f1 | |
| 生物伦理学/高崇明 张爱琴.-北京:北京大学出版社,1999 |
| 307;20cm |
| ISBN 7-301-04026-1:¥15.50 |
| ● |
| 相关链接 |
|
|
|
|
正题名:生物伦理学
索取号:B82-057/n1
 
预约/预借
| 序号 | 登录号 | 条形码 | 馆藏地/架位号 | 状态 | 备注 |
| 1 | 6600772 | 266007723 | 密集书库-生命科学系/ [索取号:B82-057/n1] | 在馆 | |
| 2 | 6600773 | 266007732 | 密集书库-生命科学系/ [索取号:B82-057/n1] | 在馆 | |
| 3 | 6601005 | 266010050 | 密集书库-生命科学系/ [索取号:B82-057/n1] | 在馆 |